[Event "Davos Summer op 21st"]
[Site "Davos"]
[Date "2022.08.07"]
[Round "4"]
[White "Naarden, Amindo"]
[Black "Purgaj, Christopher"]
[Result "1/2-1/2"]
[WhiteElo "2017"]
[BlackElo "1698"]
[PlyCount "90"]
[EventDate "2022.08.05"]
[EventType "swiss"]
[EventRounds "5"]
[EventCountry "SUI"]
[SourceTitle "CBM 209 Extra"]
[Source "ChessBase"]
[SourceDate "2022.09.30"]
[SourceVersion "1"]
[SourceVersionDate "2022.09.30"]
[SourceQuality "1"]

1. c4 e6 2. Nc3 Nf6 3. d4 b6 4. Nf3 Bb7 5. e3 Bb4 6. a3 Bxc3+ 7. bxc3 Ne4 8. Qc2 0-0 9. Bd3 f5 10. Bb2 Na6 11. 0-0-0 Qe7 12. h4 d5 13. cxd5 exd5 14. Qe2 Nb8 15. Ne5 c5 16. Kb1 c4 17. Bc2 Nc6 18. Bxe4 fxe4 19. Nxc6 Bxc6 20. f4 a5 21. Kc1 b5 22. Kd2 b4 23. Ra1 b3 24. g4 Ra6 25. Rag1 a4 26. Qh2 Bd7 27. h5 Raf6 28. Qg3 g5 29. hxg6 Rxg6 30. g5 Bf5 31. Rh2 Rf7 32. Rgh1 Rfg7 33. Rh4 Qc7 34. Qh2 h6 35. Rxh6 Rxh6 36. gxh6 Rg6 37. Rg1 Rxg1 38. Qxg1+ Kh7 39. Qg5 Qf7 40. Qg7+ Qxg7 41. hxg7 Kxg7 42. Ke2 Kg6 43. Kf2 Kh5 44. Kg3 Kg6 45. Kh4 Be6 1/2-1/2

[Event "Flims op 9th"]
[Site "Flims"]
[Date "2020.10.09"]
[Round "1"]
[White "Rohrer, Christophe"]
[Black "Purgaj, Christopher"]
[Result "1-0"]
[WhiteElo "2240"]
[BlackElo "1724"]
[PlyCount "55"]
[EventDate "2020.10.09"]
[EventType "swiss"]
[EventRounds "5"]
[EventCountry "SUI"]
[SourceTitle "CBM 198 Extra"]
[Source "ChessBase"]
[SourceDate "2020.11.30"]
[SourceVersion "1"]
[SourceVersionDate "2020.11.30"]
[SourceQuality "1"]

1. Nf3 d5 2. c4 c6 3. g3 Nf6 4. Bg2 e6 5. 0-0 Bd6 6. d4 b6 7. b3 Nbd7 8. Bb2 0-0 9. Nc3 Ba6 10. Nd2 Rc8 11. e4 dxe4 12. Ndxe4 Bb8 13. Re1 Re8 14. Qd2 Nf8 15. Rad1 Ng6 16. h4 Nxe4 17. Nxe4 Nxh4 18. gxh4 Qxh4 19. Bc1 h6 20. Qe3 Bh2+ 21. Kf1 b5 22. Nc5 e5 23. Qh3 Qxh3 24. Bxh3 bxc4 25. Nxa6 Rcd8 26. bxc4 e4 27. Nc5 Rd6 28. Kg2 1-0